|
|
|
|
| LEADER |
02306nam a2200481 i 4500 |
| 001 |
EBC4556864 |
| 003 |
MiAaPQ |
| 005 |
20200917021826.0 |
| 006 |
m o d | |
| 007 |
cr cnu|||||||| |
| 008 |
160624t20162016gw a ob 001 0 ger d |
| 020 |
|
|
|z 9783110460216
|
| 020 |
|
|
|a 9783110462333
|q (electronic bk.)
|
| 020 |
|
|
|a 9783110460483
|q (electronic bk.)
|
| 035 |
|
|
|a (MiAaPQ)EBC4556864
|
| 035 |
|
|
|a (Au-PeEL)EBL4556864
|
| 035 |
|
|
|a (CaPaEBR)ebr11223087
|
| 035 |
|
|
|a (CaONFJC)MIL931437
|
| 035 |
|
|
|a (OCoLC)951978057
|
| 040 |
|
|
|a MiAaPQ
|b eng
|e rda
|e pn
|c MiAaPQ
|d MiAaPQ
|
| 043 |
|
|
|a e------
|
| 050 |
|
4 |
|a HQ184
|b .K665 2016
|
| 082 |
0 |
|
|a 363.44094
|2 23
|
| 100 |
1 |
|
|a Konig, Malte,
|e author.
|
| 245 |
1 |
4 |
|a Der Staat als Zuhalter :
|b Die Abschaffung der reglementierten Prostitution in Deutschland, Frankreich und Italien im 20. Jahrhundert /
|c Malte Konig.
|
| 264 |
|
1 |
|a Berlin, [Germany] ;
|a Boston, [Massachusetts] :
|b De Gruyter,
|c 2016.
|
| 264 |
|
4 |
|c 2016
|
| 300 |
|
|
|a 1 online resource (496 pages) :
|b illustrations, tables.
|
| 336 |
|
|
|a text
|2 rdacontent
|
| 337 |
|
|
|a computer
|2 rdamedia
|
| 338 |
|
|
|a online resource
|2 rdacarrier
|
| 490 |
1 |
|
|a Bibliothek des Deutschen Historischen Instituts in Rom,
|x 0070-4156 ;
|v Band 131
|
| 504 |
|
|
|a Includes bibliographical references and index.
|
| 588 |
|
|
|a Description based on print version record.
|
| 590 |
|
|
|a Electronic reproduction. Ann Arbor, MI : ProQuest, 2016. Available via World Wide Web. Access may be limited to ProQuest affiliated libraries.
|
| 650 |
|
0 |
|a Prostitution
|z Europe
|x History
|y 20th century.
|
| 650 |
|
0 |
|a Prostitution
|x Law and legislation
|z Europe.
|
| 650 |
|
0 |
|a Prostitution
|x Social aspects
|z Europe.
|
| 655 |
|
4 |
|a Electronic books.
|
| 776 |
0 |
8 |
|i Print version:
|a Konig, Malte.
|t Staat als Zuhalter : Die Abschaffung der reglementierten Prostitution in Deutschland, Frankreich und Italien im 20. Jahrhundert.
|d Berlin, [Germany] ; Boston, [Massachusetts] : De Gruyter, c2016
|h viii, 488 pages
|k Bibliothek des Deutschen Historischen Instituts in Rom ; Band 131.
|z 9783110460216
|w 2016002405
|
| 797 |
2 |
|
|a ProQuest (Firm)
|
| 830 |
|
0 |
|a Bibliothek des Deutschen Historischen Instituts in Rom ;
|v Band 131.
|
| 856 |
4 |
0 |
|u https://ebookcentral.proquest.com/lib/matrademy/detail.action?docID=4556864
|z Click to View
|